[Event "7th Cattolica Open-A 2020"]
[Site "Cattolica"]
[Date "2020.09.05"]
[Round "6.9"]
[White "Kasioumis, Vasilios"]
[Black "Palozza, Christian"]
[Result "1-0"]
[WhiteElo "2356"]
[BlackElo "2240"]
[Annotator "TA"]
[PlyCount "91"]
[EventDate "2020.08.31"]
[EventType "swiss"]
[EventCountry "ITA"]
[SourceTitle "playchess.com"]
[Source "ChessBase"]
[SourceQuality "1"]

{[%evp 9,91,-8,27,18,24,25,20,15,41,9,29,39,54,42,36,39,51,55,67,62,92,55,97,106,89,77,96,93,102,100,122,120,217,160,219,214,198,136,134,131,120,123,129,118,138,131,127,99,150,134,171,147,157,175,162,156,191,191,185,181,214,237,372,336,321,373,395,216,187,186,193,0,0,-8,373,358,338,335,2259,2093,29982,29983,29988,29989]} 1. e4 c6 2. Nf3 d5 3. d3 dxe4 4. dxe4 Qxd1+ 5. Kxd1 Bg4 6. Be2 {B10: Caro-Kann: 2 d3 and 2 c4.} Nd7 7. Ne1 Bxe2+ 8. Kxe2 {The position is equal.} e5 9. f3 {[#]} Bd6 $146 ({Predecessor:} 9... f6 10. Nd3 Nc5 11. Be3 Nxd3 12. cxd3 Bd6 13. Nd2 Ne7 14. Nc4 Kd7 15. Rhc1 Rhb8 {1-0 (77) Alekseenko,K (2715)-Pelletier,Y (2561) Budva 2019}) 10. a4 a5 11. Nd2 Bc7 12. Nd3 h5 13. Nc4 f6 14. Be3 Nh6 15. Ra3 b5 16. axb5 cxb5 17. Nd2 Nf7 18. c4 Ke7 19. Rha1 Nd6 20. c5 Nf7 {[#]} (20... Nc4 $16 {was necessary.}) 21. Nb4 $1 {[%mdl 512] Nd5+ is the strong threat.} Ke6 (21... Rhc8 $16 22. Nd5+ Ke8) (21... axb4 22. Rxa8) 22. Nd5 $18 Rhc8 23. Nxc7+ (23. Rb3 $18) 23... Rxc7 $16 24. Rxa5 Rxa5 25. Rxa5 {Hoping for b4.} Nxc5 26. Rxb5 Nd7 27. Ra5 Nd6 28. Ra1 f5 (28... Rc2 $142) 29. Kd3 Rb7 30. b3 f4 31. Bf2 g5 32. Ra6 {Threatens to win with Nc4.} Nb8 33. Rb6 Rxb6 34. Bxb6 $18 {[%mdl 4096] Endgame KBN-KNN} Nc6 35. Bc5 Nb7 (35... g4 $142 36. h3 g3) 36. Kc4 g4 37. b4 g3 38. hxg3 (38. h3 $142) 38... fxg3 {[#]} 39. Be3 $1 h4 {intending ...Nd6+.} 40. b5 $2 (40. Nb3 $18) 40... Nd6+ $1 $11 41. Kc5 h3 $2 {[%mdl 8192] Loses the game.} (41... Nd4 $11) 42. gxh3 $18 Nd4 {[#]} 43. b6 $1 {[%cal Bb5b6,Bb6b7][%mdl 32]} Ne2 $2 (43... Nb7+ 44. Kc4 Ne2) 44. Nc4 Ne8 45. b7 Nc7 46. Kb6 {Accuracy: White = 71%, Black = 48%.} 1-0

[Event "7th Cattolica Open-A 2020"]
[Site "Cattolica"]
[Date "2020.09.05"]
[Round "6.10"]
[White "Louis, Corentin"]
[Black "Alanic, Mickael"]
[Result "0-1"]
[WhiteElo "2053"]
[BlackElo "2306"]
[Annotator "ChessBase"]
[PlyCount "44"]
[EventDate "2020.08.31"]
[EventType "swiss"]
[EventCountry "ITA"]
[SourceTitle "playchess.com"]
[Source "ChessBase"]
[SourceQuality "1"]
[TimeControl "5400+30"]

1. f4 {[%emt 0:02:25]} c5 {[%emt 0:01:19]} 2. Nf3 {[%emt 0:00:20]} Nc6 {[%emt 0:02:08]} 3. g3 {[%emt 0:02:15]} g6 {[%emt 0:01:32]} 4. Bg2 {[%emt 0:00:48]} Bg7 {[%emt 0:00:13]} 5. d3 {[%emt 0:00:12]} e6 {[%emt 0:06:35]} 6. e4 {[%emt 0:02:37]} Nge7 {[%emt 0:11:01]} 7. O-O {[%emt 0:03:57]} O-O {[%emt 0:03:08]} 8. c3 {[%emt 0:00:40]} d5 {[%emt 0:07:45]} 9. Be3 {[%emt 0:09:25]} d4 {[%emt 0:06:10]} 10. Bf2 {[%emt 0:00:56]} dxc3 {[%emt 0:01:51]} 11. bxc3 {[%emt 0:04:30]} b6 {[%emt 0:13:30]} 12. d4 {[%emt 0:10:36]} Ba6 {[%emt 0:07:19]} 13. Re1 {[%emt 0:00:33]} cxd4 {[%emt 0:00:30]} 14. cxd4 {[%emt 0:02:04]} Rc8 {[%emt 0:02:57]} 15. Qa4 {[%emt 0:02:29]} Bd3 {[%emt 0:08:38]} 16. Nbd2 {[%emt 0:02:29]} b5 {[%emt 0:01:50]} 17. Qa3 {[%emt 0:19:32]} Nxd4 18. Nxd4 {[%emt 0:00:37]} Bxd4 {[%emt 0:01:37]} 19. Bxd4 {[%emt 0:00:33]} Qxd4+ {[%emt 0:00:08]} 20. Kh1 {[%emt 0:00:05]} b4 {[%emt 0:02:07]} 21. Qa5 {[%emt 0:01:07]} Rc2 {[%emt 0:01:35]} 22. Rad1 {[%emt 0:00:40]} Qf2 {[%emt 0:01:52]} 0-1

[Event "7th Cattolica Open-A 2020"]
[Site "Cattolica"]
[Date "2020.09.06"]
[Round "7.1"]
[White "Studer, Noel"]
[Black "Bailet, Pierre"]
[Result "1-0"]
[WhiteElo "2573"]
[BlackElo "2500"]
[Annotator "TA"]
[PlyCount "131"]
[EventDate "2020.08.31"]
[EventType "swiss"]
[EventCountry "ITA"]
[SourceTitle "playchess.com"]
[Source "ChessBase"]
[SourceQuality "1"]

{[%evp 15,131,17,23,21,21,20,21,21,30,17,64,54,88,68,91,0,54,59,60,56,58,50,57,52,68,68,80,82,83,75,90,98,102,50,70,75,113,105,112,87,91,38,50,52,40,52,72,57,64,65,68,60,77,69,76,60,70,83,118,139,110,118,112,110,120,122,122,103,104,70,66,45,120,113,119,134,91,27,75,77,74,77,172,160,132,75,73,75,253,226,288,256,280,285,281,263,369,308,525,502,492,468,453,431,1662,1141,1651,1670,29979,29980,29980,29981,29981,29981,29982,29982,29982,29982]} 1. d4 d5 2. c4 c6 3. Nf3 Nf6 4. Nc3 dxc4 5. a4 Bf5 6. Ne5 Nbd7 7. Nxc4 Nb6 8. Ne5 a5 9. f3 {D17: Slav Defence: 5 a4 Bf5: Lines with 6 Nh4 and 6 Ne5.} Nfd7 10. Nxd7 Nxd7 11. e4 {The position is equal.} Bg6 $1 12. Be2 e5 13. dxe5 $1 Qb6 14. Qc2 {[#]} Rd8 $146 ({Predecessor:} 14... Bc5 15. f4 h6 16. Bd2 O-O 17. O-O-O Rad8 18. Kb1 Bh7 19. h4 Rfe8 20. g4 Bd4 {1-0 (43) Wilkinson,J (2283)-Sutton,A (2247) ICCF email 2018}) 15. Bg5 ({White should try} 15. f4 $16) 15... f6 (15... Be7 $11 16. Bxe7 Kxe7) 16. exf6 $14 gxf6 17. Bh4 Bf7 18. Bf2 Bc5 19. O-O O-O 20. Nd1 Kg7 21. Qc3 Bxf2+ 22. Rxf2 Nc5 23. Ne3 {Intending Nf5+ and mate.} Be6 24. Nc4 ({Better is} 24. Bc4 $16) 24... Bxc4 25. Bxc4 Qb4 26. Qxb4 $1 axb4 27. Rc2 Rd4 28. Bf1 (28. b3 $16) 28... Nb3 29. Re1 Rfd8 30. e5 Rd1 31. Rce2 Rxe1 32. Rxe1 fxe5 33. Rxe5 {[%mdl 4096] Endgame KRB-KRN} Kf6 34. f4 Rd2 35. Re2 $1 Rd1 {Threatens to win with ...Nd2.} 36. Kf2 $1 Nd4 37. Re1 Rd2+ 38. Ke3 Nb3 39. Re2 Rd1 40. Rf2 Nc5 41. g4 Nxa4 42. Bd3 h6 43. Rg2 Nc5 ({Black should play} 43... Kg7 $14) 44. g5+ $1 $16 hxg5 45. fxg5+ Kg7 46. Bc2 (46. Bf5 $16) 46... Re1+ 47. Kf2 Rc1 48. Bf5 $1 Rc4 (48... Rh1 $16) 49. Kf3 Nb3 {[#]} 50. Bd3 (50. Rg4 $142 $1) 50... Rd4 {[#]} 51. Bc2 $1 {Hoping for Ke3.} Nc5 $2 {This move loses the game for Black.} (51... Na5 $16 {keeps fighting.}) 52. Re2 $18 b3 53. Bf5 Rd5 54. Kg4 Rd4+ 55. Kh5 Rf4 (55... Rd5 {was called for.}) 56. Bg6 Rf3 $2 (56... Rd4 57. Re7+ Kf8 58. Re8+ Kg7 59. Re7+ Kf8) 57. h4 Rf4 58. Re7+ Kf8 59. Re5 Rc4 (59... Na4 $142 60. Re8+ Kg7 61. Re7+ {[%mdl 64] Double Attack} Kf8 62. Rxb7 Nc5) 60. Bf5 b6 61. g6 Rc2 62. Kh6 {White mates.} Rg2 63. h5 Nb7 {[#]} 64. Be4 $1 {[%mdl 512]} Rg3 65. Rf5+ Ke7 66. Rf7+ {Accuracy: White = 83%, Black = 57%.} 1-0

[Event "7th Cattolica Open-A 2020"]
[Site "Cattolica"]
[Date "2020.09.06"]
[Round "7.2"]
[White "Solomon, Kenny"]
[Black "Basso, Pier Luigi"]
[Result "0-1"]
[WhiteElo "2352"]
[BlackElo "2603"]
[Annotator "TA"]
[PlyCount "72"]
[EventDate "2020.08.31"]
[EventType "swiss"]
[EventCountry "ITA"]
[SourceTitle "playchess.com"]
[Source "ChessBase"]
[SourceQuality "1"]

{[%evp 11,72,14,29,16,30,14,38,28,30,43,26,46,33,40,38,0,38,42,46,37,55,29,45,41,44,1,1,0,29,-50,-49,-114,-118,-167,-149,-158,-175,-167,-172,-166,-158,-221,-112,-119,-112,-108,-79,-95,-95,-75,-74,-94,-95,-91,-101,-110,-98,-89,-116,-188,-177,-677,-667]} 1. d4 d5 2. Nf3 Nf6 3. c4 c6 4. Nc3 e6 5. Bg5 Nbd7 6. cxd5 exd5 7. Qc2 {D51: Queen's Gambit Declined: 4 Bg5 Nbd7 sidelines.} h6 8. Bh4 g5 9. Bg3 {White is slightly better.} Nh5 10. O-O-O Nxg3 11. hxg3 Nb6 12. e4 Be6 13. e5 g4 14. Nh4 {[#]} Qg5+ $146 ({Predecessor:} 14... Nc4 15. Bxc4 dxc4 16. Nf5 Qa5 17. Kb1 O-O-O 18. Ne3 Bb4 19. Ne2 b5 20. Nf4 c3 21. Nxe6 fxe6 {1-0 (35) Kramnik,V (2779)-L'Ami,E (2639) Douglas 2018}) 15. Kb1 O-O-O 16. Bd3 Kb8 17. Ne2 Rc8 18. Nf4 {Nhg6! is the strong threat.} c5 $1 19. dxc5 Bxc5 20. Qe2 (20. Nhg6 $1 $11 Rhg8 21. Rh5) 20... Bd7 $15 21. Bc2 (21. e6 $1 $15 Bxe6 22. Nf5 $1 {[%mdl 512]}) 21... Rhe8 $17 22. Nd3 Nc4 $1 23. Nxc5 Rxc5 24. f4 gxf3 $1 {[%mdl 64] Discovered Attack} 25. Nxf3 Qxg3 26. Rxh6 (26. Rdf1 $17) 26... Nxe5 (26... Bg4 $1 $19 {Strongly threatening ...Qf4.} 27. Rhh1 a6) 27. Nxe5 Rxe5 28. Rh8+ Rc8 29. Rxc8+ Bxc8 30. Qd2 Rg5 31. Bb3 Be6 ({But not} 31... Qxg2 $6 32. Qf4+ Ka8 33. Qxf7 $11) 32. Qb4 a6 33. Qf8+ Ka7 34. Qc5+ {[#]} Ka8 $1 35. Rc1 {[#]} (35. Bc4 $17 {was forced.}) 35... Rg8 $1 $19 36. Bxd5 $2 (36. Rd1) 36... Qd3+ {[%mdl 64] Double Attack. Accuracy: White = 53%, Black = 89%.} 0-1

[Event "7th Cattolica Open-A 2020"]
[Site "Cattolica"]
[Date "2020.09.06"]
[Round "7.3"]
[White "Krallis, Christos"]
[Black "Degraeve, Jean-Marc"]
[Result "1-0"]
[WhiteElo "2402"]
[BlackElo "2530"]
[Annotator "TA"]
[PlyCount "79"]
[EventDate "2020.08.31"]
[EventType "swiss"]
[EventCountry "ITA"]
[SourceTitle "playchess.com"]
[Source "ChessBase"]
[SourceQuality "1"]

{[%evp 20,79,18,12,15,16,35,31,33,36,53,53,49,45,70,54,81,41,65,59,62,47,65,83,77,83,84,64,52,51,61,45,56,50,55,45,120,116,93,49,52,58,55,54,62,38,40,23,18,20,26,27,297,301,285,288,617,606,569,496,879,443]} 1. d4 Nf6 2. c4 g6 3. Nf3 Bg7 4. g3 O-O 5. Bg2 d6 6. O-O c6 7. Nc3 Bf5 8. Nh4 Be6 9. d5 cxd5 10. cxd5 Bd7 11. e4 Na6 {E62: King's Indian: Fianchetto: 6...c6 and Panno Variation (6...Nc6) without ...a6.} 12. Be3 Qa5 13. Bd4 Rfc8 {White is slightly better.} 14. a3 Qd8 {[#]} 15. e5 $146 ({Predecessor:} 15. Re1 Nc7 16. Qd3 e5 17. Be3 Qe8 18. Bf1 a5 19. b4 axb4 20. axb4 Rxa1 21. Rxa1 {½-½ (31) Alshameary Puente,I (2370)-Oliva Castaneda,K (2488) Linares 2015}) 15... dxe5 16. Bxe5 Ne8 17. Bxg7 Kxg7 18. Qd4+ Kg8 19. Rfe1 Nd6 20. Rad1 Rc7 21. Nf3 Qf8 22. Qh4 Re8 23. Ne4 Nc5 24. Nxd6 exd6 25. Rxe8 Bxe8 26. b4 Ba4 27. Rc1 {[%mdl 64] Pin} Na6 {[#]} (27... Ne6 $1 $14 28. Re1 Ng7) 28. Re1 $1 $40 {[%mdl 128] White goes for the king.} Nb8 {[%cal Ba6b8,Bb8d7,Bd7e5][%mdl 32]} 29. Ng5 {[%csl Gg5][%cal Rh4h7]} h6 30. Ne4 {Threatens to win with Nf6+.} Nd7 31. Qf4 Ne5 32. Bf1 Qe7 33. Kg2 Bb3 34. Qd2 b6 35. Qd4 {aiming for Nd2.} f5 $2 {[%mdl 8192] [#] Black cannot hold the game after this.} (35... Ng4 $11 {and Black has nothing to worry.}) 36. Nd2 $18 ({But not} 36. Nxd6 $6 Qxd6 37. Rxe5 Kh7 $16) 36... Ba2 37. f4 Rc2 $2 (37... Qf7) 38. fxe5 {White is clearly winning.} dxe5 39. Rxe5 Qd6 (39... Rxd2+ $142 40. Qxd2 {[%mdl 64] Double Attack} Qxe5 41. Qxa2 Qe4+ 42. Kf2 Qd4+ 43. Kg2 Qe4+ 44. Kf2 Qd4+ 45. Ke1 Kf7 46. d6+ Kf6) 40. Kg1 {Accuracy: White = 90%, Black = 64%.} 1-0

[Event "7th Cattolica Open-A 2020"]
[Site "Cattolica"]
[Date "2020.09.06"]
[Round "7.4"]
[White "Van Foreest, Lucas"]
[Black "Kasioumis, Vasilios"]
[Result "1-0"]
[WhiteElo "2531"]
[BlackElo "2356"]
[Annotator "TA"]
[PlyCount "61"]
[EventDate "2020.08.31"]
[EventType "swiss"]
[EventCountry "ITA"]
[SourceTitle "playchess.com"]
[Source "ChessBase"]
[SourceQuality "1"]

{[%evp 24,61,0,0,0,-15,-9,-25,-8,-17,0,0,0,0,0,0,18,0,791,747,775,756,29980,29981,29976,29977,29989,1347,1247,1141,1113,1097,1097,1097,1097,1095,5739,5731,1805,1650]} 1. e4 c5 2. Nf3 d6 3. d4 cxd4 4. Nxd4 Nf6 5. Nc3 a6 6. Bg5 e6 7. f4 Qb6 8. Qd2 Qxb2 9. Rb1 Qa3 10. f5 Nc6 11. fxe6 fxe6 12. Nxc6 bxc6 13. Be2 $1 {[%mdl 4] outshines the older 13.e5. Played by Sergey Karjakin in May 2020.} Be7 $1 {B97: Sicilian Najdorf: Poisoned Pawn.} 14. e5 dxe5 15. Bxf6 Bxf6 {Black has an edge.} 16. Bh5+ Ke7 {...Rd8 is the strong threat.} 17. Rd1 {Hoping for 0-0.} Qc5 $1 {[%cal Rc5d4] White must now prevent ...Qd4.} 18. Ne4 Qd4 19. Qe2 $1 Qb6 $1 {[#]} 20. Rf1 $146 {[%mdl 128] Strongly threatening Rxf6! White attacks.} ({But not} 20. Qd2 Rd8 $17) ({Predecessor:} 20. Qf3 Rb8 21. Nxf6 gxf6 22. Rf1 f5 23. Qg3 Qb4+ 24. c3 Qe4+ 25. Be2 Kf7 26. Qg5 {0-1 (59) Warakomska,A (2192)-Duda,J (2175) Wroclaw 2010}) 20... Ra7 $2 {[%mdl 8192] [#]} (20... Rd8 $11) 21. Rxf6 $1 $18 {[%mdl 512]} gxf6 22. Qf3 {[%csl Ge4][%cal Rf3f6]} f5 23. Qa3+ c5 {[#]} 24. Qg3 $1 {[%cal Rg3g7]} Kf8 25. Qg5 (25. Qxe5 $142 Rf7 26. Qxh8+ Ke7 27. Qg8 Qb4+ {[#]} 28. Kf2 $1 {[%mdl 512]} Qd4+ 29. Rxd4 cxd4 30. Qxf7+ Kd8 31. Qf8+ Kc7 32. Qc5+ {[%mdl 64] Double Attack} Kb7 33. Nd6+ {[%mdl 64] Double Attack} Kb8 34. Qxc8+ {[%mdl 64] Double Attack} Ka7 35. Qb7#) 25... fxe4 {White is clearly winning.} 26. Rd8+ Qxd8 27. Qxd8+ Kg7 28. Qg5+ {[%mdl 64] Double Attack} Kf8 29. Qxe5 {[%mdl 64] Double Attack} Kg8 30. Qg5+ Kf8 31. Qxc5+ {[%mdl 64] Double Attack. Accuracy: White = 89%, Black = 64%.} 1-0

[Event "7th Cattolica Open-A 2020"]
[Site "Cattolica"]
[Date "2020.09.06"]
[Round "7.5"]
[White "Degraeve, Remy"]
[Black "David, Alberto"]
[Result "0-1"]
[WhiteElo "2349"]
[BlackElo "2520"]
[Annotator "TA"]
[PlyCount "64"]
[EventDate "2020.08.31"]
[EventType "swiss"]
[EventCountry "ITA"]
[SourceTitle "playchess.com"]
[Source "ChessBase"]
[SourceQuality "1"]

{[%evp 10,64,18,14,29,2,7,0,14,3,22,24,23,-6,9,-20,-21,-162,-142,-177,-168,-225,-145,-205,-162,-171,-172,-271,-245,-329,-331,-319,-305,-359,-349,-473,-263,-271,-261,-264,-271,-226,-252,-564,-551,-700,-673,-658,-649,-598,-600,-534,-530,-1037,-1018,-964,-943]} 1. d4 f5 2. Nc3 Nf6 3. Bg5 d5 4. Bxf6 exf6 5. e3 Be6 6. Qf3 Nc6 {A80: Dutch Defence: Unusual White second moves.} 7. Bb5 Qd7 8. Nge2 O-O-O {The position is equal.} 9. Nf4 Bf7 10. Nd3 g6 11. Na4 {[#]} a6 $146 ({Predecessor:} 11... Qe8 12. O-O-O a6 13. Bxc6 Qxc6 14. Nac5 b6 15. Nb3 Kb8 16. Kb1 h5 17. Nf4 g5 {½-½ (52) Tatai,S (2364)-Saumweber,W (2099) Tenerife 2013}) 12. Nac5 Qe8 13. Ba4 (13. Bxc6 $1 $11 Qxc6 14. a3) 13... Nxd4 $1 $19 14. Qf4 Nc6 15. O-O-O (15. b4 {is a better defense.}) 15... Bd6 16. Qf3 (16. Bxc6 $17 Qxc6 17. Qd4) 16... Kb8 17. Rhe1 Ka7 $1 {aiming for ...b5.} (17... Bxh2 18. g3 $16) 18. b4 (18. Bxc6 {might work better.} Qxc6 19. Nb3) 18... b6 ({And not} 18... Bxh2 19. Bxc6 Qxc6 20. g3 $11) 19. Qe2 bxc5 20. bxc5 Be5 ({Weaker is} 20... Bxh2 21. Nb4 $1 $15 {[%mdl 512]}) 21. Kd2 {If only White now had time for f4....} Qe6 {Threatens to win with ...Na5.} 22. f4 {[#]} Na5 (22... Bc3+ $142 $1 {[%mdl 512]} 23. Kxc3 d4+ {[%mdl 64] Discovered Attack} 24. Kd2 Qc4) 23. fxe5 Nc4+ 24. Kc1 Rb8 ({Don't play} 24... fxe5 25. Nb4 $17) 25. c3 a5 26. exf6 $2 (26. Bb3) 26... Qxf6 {Black is clearly winning.} 27. Kc2 {[#]} Rhe8 $1 {[%mdl 512] Strongly threatening ...d4!} 28. Qf2 (28. Bxe8 Bxe8) 28... Re4 29. Bb3 Na3+ 30. Kb2 Nb5 31. Ka1 a4 {[%cal Ba5a4,Ba4b3][%mdl 32]} 32. Qb2 axb3 {White did not feel at home in the position after the opening. Accuracy: White = 26%, Black = 84%.} 0-1

[Event "7th Cattolica Open-A 2020"]
[Site "Cattolica"]
[Date "2020.09.06"]
[Round "7.6"]
[White "Le Goff, Damien"]
[Black "Mendonca, Leon Luke"]
[Result "*"]
[WhiteElo "2281"]
[BlackElo "2490"]
[Annotator "TA"]
[PlyCount "61"]
[EventDate "2020.08.31"]
[EventType "swiss"]
[EventCountry "ITA"]
[SourceTitle "playchess.com"]
[Source "ChessBase"]
[SourceQuality "1"]

{[%evp 11,61,16,45,29,39,38,45,32,53,46,38,39,52,21,37,-1,-12,-21,-22,-56,-49,-72,-88,-71,-57,-114,-108,-133,-133,-127,-153,-220,-213,-223,-223,-216,-209,-300,-308,-448,-456,-450,-440,-437,-435,-442,-433,-510,-493,-495,-291,-511]} 1. e4 c5 2. Nf3 d6 3. d4 cxd4 4. Nxd4 Nf6 5. Nc3 a6 6. h3 Nc6 7. g4 {B90: Sicilian Najdorf: Unusual White 6th moves, 6 Be3 Ng4 and 6 Be3 e5.} Qb6 8. Nb3 e6 9. Be3 {White is slightly better.} (9. Qe2 {keeps more tension.} Nd7 10. g5 Qc7 11. Bf4 b5 12. a3) 9... Qc7 10. g5 Nd7 11. f4 b5 12. a3 Rb8 {[#]} 13. Bg2 $146 ({Predecessor:} 13. Qd2 Be7 14. h4 Nc5 15. h5 {½-½ (35) Oseledets,K (2439)-Kunzelmann,F (2510) ICCF email 2015}) 13... Nb6 14. Nd2 g6 15. O-O Bg7 16. f5 exf5 17. exf5 gxf5 18. Nf3 (18. Qf3 $15 Bd7 19. Qh5) 18... Be6 $17 19. Bf4 Rd8 20. Kh1 O-O 21. Ne2 (21. Qe1 $17) 21... Bxb2 $19 22. Rb1 Be5 23. Qe1 Nd5 24. Nh4 (24. Bd2 $142) 24... Nce7 25. Bxe5 (25. c3 $142) 25... dxe5 26. Ng3 Nf4 27. Rxf4 exf4 28. Nh5 Nd5 29. Qe2 Rfe8 30. Rg1 Qc4 (30... Qc3 $142 31. Qd3 Rc8 32. Nxf5 Qxd3 33. Nh6+ Kf8 34. cxd3 Rc3) 31. Bf3 $2 {Accuracy: White = 56%, Black = 91%.} (31. Qe5 Qc3 32. Nf6+ Kh8 33. Qxc3 Nxc3 34. Nxe8 Rxe8 35. Rf1) *

[Event "7th Cattolica Open-A 2020"]
[Site "Cattolica"]
[Date "2020.09.06"]
[Round "7.7"]
[White "Reimanis, Ritvars"]
[Black "Bettalli, Francesco"]
[Result "0-1"]
[WhiteElo "2421"]
[BlackElo "2206"]
[Annotator "TA"]
[PlyCount "114"]
[EventDate "2020.08.31"]
[EventType "swiss"]
[EventCountry "ITA"]
[SourceTitle "playchess.com"]
[Source "ChessBase"]
[SourceQuality "1"]

{[%evp 21,114,20,34,17,17,4,1,3,26,20,52,54,181,197,188,170,181,170,275,266,253,254,302,9,6,8,8,1,23,49,43,-18,-29,-58,-57,-66,-43,-104,-95,-118,-79,-130,-95,-116,-48,-82,-62,-52,-45,-73,-66,-133,-53,-53,-50,-115,-76,-82,-81,-91,-78,-85,-48,-84,-76,-81,0,-111,-75,-82,-93,-331,-327,-315,-302,-327,-324,-993,-1051,-1018,-1035,-29971,-29973,-29972,-29973,-29975,-29976,-29983,-29984,-29984,-29981,-29981,-29982,-29982,-29980]} 1. d4 Nf6 2. c4 g6 3. Nc3 d5 4. cxd5 Nxd5 5. e4 Nxc3 6. bxc3 Bg7 7. Be3 O-O 8. Qd2 c5 9. Rc1 Qa5 10. Nf3 Rd8 11. d5 Nc6 12. Be2 {D85: Exchange Grünfeld: Unusual White 7th moves and lines with 7 Nf3.} e6 13. Bg5 f6 14. Be3 {The position is equal.} b6 15. O-O Ba6 16. Rfd1 {[#]} c4 $146 (16... Qa4 $14) ({Predecessor:} 16... Qa4 17. Bxa6 Qxa6 18. Qc2 Na5 19. c4 e5 20. Re1 Nb7 21. Nd2 Nd6 22. f4 exf4 23. Bxf4 {0-1 (46) Bleecke,S (1928)-Danin,A (2559) Dresden 2017}) 17. Qc2 $1 $18 exd5 18. exd5 Ne7 19. Nd4 $1 Rac8 (19... Bb7 $142) 20. Nc6 $1 {[%cal Rc6a5]} Nxc6 21. dxc6 Qe5 22. Bd4 $2 (22. Rxd8+ $18 Rxd8 23. Rd1 Rxd1+ 24. Qxd1) 22... Qe6 $11 23. Qa4 Qxe2 24. Qxa6 {And now Re1 would win.} Rxc6 25. Re1 Qg4 26. Re7 (26. Qxa7 $14 Qd7 27. Re7 (27. Bxb6 Qxa7 28. Bxa7 f5 $11) 27... Qxa7 28. Rxa7) 26... Rd7 27. f3 Qf5 $36 {[%mdl 2048] Black fights for an advantage.} 28. Rce1 Bf8 29. Re8 (29. Rxd7 $1 $15 Qxd7 30. a4) 29... Kg7 30. Kh1 Bd6 31. R8e4 (31. R1e4 $142) 31... Qd5 32. a4 Bc5 (32... Rcc7 $17 33. Qb5 Qxb5 34. axb5 Bc5) 33. h3 Bxd4 34. Rxd4 Qf7 35. Rxd7 Qxd7 $15 {[%mdl 4096] Endgame KQR-KQR} 36. Re4 ({Better is} 36. Qb5 $15) 36... Qc7 (36... Rc5 $1 $17 37. Kg1 Qf7) 37. Qb5 Rc5 38. Qb4 ({White should try} 38. Qe8 $15 Re5 39. Qa8) 38... a6 39. f4 b5 40. axb5 axb5 41. Qa3 Qd6 42. Rd4 Qe7 43. Qa5 Rc7 ({Black should play} 43... g5 $17 44. Qb6 Kg6) 44. Kh2 (44. Qxb5 $11 Qe1+ {[%mdl 64] Double Attack} 45. Kh2) 44... Rb7 45. Qa6 Rd7 {Strongly threatening ...Rxd4.} 46. Qb6 $2 (46. Qc6 $17 {might work better.} Rxd4 47. cxd4) 46... Rxd4 $19 47. Qxd4 {KQ-KQ} Qc7 48. Qd2 g5 $1 49. g3 $2 (49. Kg1 Qxf4 50. Qb2) 49... gxf4 50. gxf4 {[#]} b4 $1 {[%mdl 512]} 51. cxb4 c3 {Black mates.} 52. Qc1 c2 53. b5 {[#]} Qc4 $1 {[%cal Rc4e2]} 54. b6 {[#]} Qe2+ $1 55. Kg3 Qd1 56. Qe3 c1=Q 57. Qe7+ Kg6 {Never resign too early! Accuracy: White = 49%, Black = 66%.} 0-1

[Event "7th Cattolica Open-A 2020"]
[Site "Cattolica"]
[Date "2020.09.06"]
[Round "7.8"]
[White "Alanic, Mickael"]
[Black "Gallana, Marco"]
[Result "0-1"]
[WhiteElo "2306"]
[BlackElo "2195"]
[Annotator "TA"]
[PlyCount "48"]
[EventDate "2020.08.31"]
[EventType "swiss"]
[EventCountry "ITA"]
[SourceTitle "playchess.com"]
[Source "ChessBase"]
[SourceQuality "1"]

{[%evp 9,48,-1,30,24,31,39,36,25,44,46,45,39,50,45,47,35,47,43,49,40,51,31,63,20,29,-261,-243,-551,-557,-552,-561,-553,-536,-691,-689,-665,-690,-2304,-2200,-2159,-658]} 1. e4 c5 2. Nf3 d6 3. d4 cxd4 4. Nxd4 Nf6 5. Bd3 e5 6. Nf3 {B55: Sicilian: 2...d6 3 d4 cxd4 4 Nxd4 Nf6 5 f3.} Be7 7. c4 O-O 8. Nc3 {White is slightly better.} Be6 9. O-O Nbd7 {[#]} 10. b3 $146 ({Predecessor:} 10. Ne1 Rc8 11. b3 a6 12. Bb2 Nc5 13. Nc2 b5 14. cxb5 axb5 15. Bxb5 Ncxe4 16. Nxe4 Nxe4 {0-1 (39) Sedy,P (2082)-Nguyen,T (2176) Czechia 2014}) 10... Re8 11. Ne1 Qc8 12. Nc2 a6 13. Bb2 Bd8 14. Rc1 Bb6 15. Kh1 Ng4 16. Qe2 Qd8 {And now ...Qh4! would win.} 17. f3 $2 {[%mdl 8192] [#] White does not recover from this.} (17. g3 $11) 17... Nxh2 $1 $40 {[%mdl 640] Black has strong attack.} 18. Rf2 $2 {[#]} (18. g3 {is tougher.} Nxf1 19. Rxf1) (18. Kxh2 Qh4#) 18... Ng4 $1 {[%mdl 512] Black is clearly winning.} 19. fxg4 Qh4+ 20. Kg1 Bxg4 21. Qd2 {[#]} Re6 $1 {[%cal Re6h6] ( -> ...Rh6)} ({Worse is} 21... Qxf2+ 22. Qxf2 Bxf2+ 23. Kxf2 $16) 22. Ne3 Rh6 {[%csl Gh6][%cal Rh4h1]} 23. Rff1 {If only White now had time for Ncd5....} Qh2+ 24. Kf2 Rf6+ {Accuracy: White = 53%, Black = 95%.} 0-1